000 00442nam a22001817a 4500
003 NUST - PNEC
005 20170116181036.0
008 150919b xxu||||| |||| 00| 0 eng d
020 _a0764571168
040 _cLIBRARY
082 _a621.6 MIL
100 _911403
_aMiller, Rex
245 _aPumps and hydraulics
_cRex Miller
250 _a6th ed.
260 _cc.2004
650 _911405
_aPumping machinery
_xIME, ME
942 _2ddc
_cBK
999 _c67944
_d67944